| 000 | 00696nam a22002055i 4500 | ||
|---|---|---|---|
| 001 | 54134 | ||
| 003 | ES-MaACL | ||
| 005 | 20240518063026.0 | ||
| 007 | t| | ||
| 008 | 960715s1847 sp a ||||1| spa d | ||
| 040 |
_aCAM _bspa _cCAM |
||
| 100 | 0 |
_aFéval, Paul, _d1816-1887 _950646 |
|
| 245 | 1 | 3 |
_aEl hijo del diablo / _cpor Pablo Feval; traducción de Victor Balaguer y Francisco J. Orellana. |
| 260 |
_aBarcelona : _bImprenta y librería de la señora viuda e hijos de Mayol, _c1847. |
||
| 300 |
_a4 v. ; _c17 cm. |
||
| 700 | 1 |
_aBalaguer, Víctor, _d1824-1901 _924806 |
|
| 700 | 1 |
_aOrellana, Francisco José. _9130679 |
|
| 852 |
_aES-MaACL _jD-2744-7 |
||
| 999 |
_c54134 _d54134 |
||